Plac, park czy rondo - Kraków (2) - Statystyki

Ogólne statystyki
  • Ten quiz został rozwiązany 97 razy
  • Średni wynik to 8 z 12
Statystyki odpowiedzi
Zagadnienie Odpowiedź % Poprawnych
... Inwalidów Plac
96%
... Matecznego Rodno
96%
... Wiśniowy Sad Park
88%
... Stanisława Barei Rondo
88%
... na Groblach Plac
74%
... Jana Matejki Plac
72%
... Decjusza Park
68%
... na Stawach Plac
65%
... Tysiąclecia Park
55%
... im. Św. Wincentego á Paulo Park
51%
... im. Żołnierzy Wyklętych Rondo
46%
... Republiki Słowackiej Rondo
32%
Nie znaleziono quizów pasujących do podanych kryteriów
Rozkład punktacji
Procent ludzi z każdym wynikiem
Percentyl według liczby udzielonych odpowiedzi
Twoja historia wyników
Nie rozwiązałeś tego quizu